Sweeney Todd /
Elliot Norton interviews Angela Lansbury and George Hearn the stars of the award-winning Stephen Sondheim musical Sweeney Todd, now playing at Boston's Metropolitan Center.
| Other Authors: | , , |
|---|---|
| Format: | Video |
| Language: | English |
| Language Notes: | This edition in English. |
| Published: |
Boston, MA :
WGBH Boston Video,
1981.
|
| Series: | Theatre in video, volume 1 (TCOR)
|
| Subjects: | |
| Online Access: | Connect to this streaming video (Alexander Street Press) Connect to this streaming video (Alexander Street Press) |
MARC
| Tag | First Indicator | Second Indicator | Subfields |
|---|---|---|---|
| LEADER | 00000cgm a2200000Ma 4500 | ||
| 001 | in00005607113 | ||
| 006 | m o c | ||
| 007 | cr |n||||||||a | ||
| 007 | vz |za|z| | ||
| 008 | 140519s1981 mau028 e o vueng d | ||
| 005 | 20241214204002.2 | ||
| 035 | |a (OCoLC)ocn884833376 | ||
| 040 | |a ALSTP |b eng |e pn |c ALSTP |d OCLCO |d COO |d OCLCO |d OCLCA |d OCLCF |d OCL |d OCLCQ |d OCLCO |d VLB |d OCLCQ |d RRP |d CEF |d INT |d BRX |d OCLCQ |d WYU |d CNCEN |d OCLCA |d OCLCQ |d OCLCO |d OCL |d OCLCO |d OCLCA |d OCL |d OCLCO |d OCLCL | ||
| 019 | |a 1125694180 | ||
| 035 | |a (OCoLC)884833376 |z (OCoLC)1125694180 | ||
| 050 | 4 | |a PN1655 |b .S94 1981ev | |
| 049 | |a TXAM | ||
| 245 | 0 | 0 | |a Sweeney Todd / |c by Joanna Lu. |
| 246 | 3 | |a Elliot Norton Reviews : Sweeney Todd | |
| 260 | |a Boston, MA : |b WGBH Boston Video, |c 1981. | ||
| 300 | |a 1 online resource (28 min.). | ||
| 306 | |a 002841 | ||
| 336 | |a two-dimensional moving image |b tdi |2 rdacontent | ||
| 337 | |a computer |b c |2 rdamedia | ||
| 338 | |a online resource |b cr |2 rdacarrier | ||
| 490 | 0 | |a Theatre in video, volume 1 (TCOR) | |
| 500 | |a Originally broadcast on television in 1981. | ||
| 500 | |a Title from resource description page (viewed June 12, 2014). | ||
| 520 | |a Elliot Norton interviews Angela Lansbury and George Hearn the stars of the award-winning Stephen Sondheim musical Sweeney Todd, now playing at Boston's Metropolitan Center. | ||
| 546 | |a This edition in English. | ||
| 600 | 1 | 0 | |a Hearn, George |v Interviews. |
| 600 | 1 | 0 | |a Lansbury, Angela, |d 1925-2022 |v Interviews. |
| 600 | 1 | 0 | |a Sondheim, Stephen. |t Sweeney Todd |x Performances. |
| 600 | 1 | 7 | |a Hearn, George |2 fast |1 https://id.oclc.org/worldcat/entity/E39PBJjRT94gX7Rv4k3hkW3WjC |
| 600 | 1 | 7 | |a Lansbury, Angela, |d 1925-2022 |2 fast |1 https://id.oclc.org/worldcat/entity/E39PBJwRYcMdfyBP8KRfCqFkDq |
| 630 | 0 | 7 | |a Sweeney Todd (Sondheim, Stephen) |2 fast |
| 650 | 0 | |a Musical theater. | |
| 650 | 6 | |a Théâtre musical. | |
| 650 | 7 | |a Musical theater |2 fast | |
| 650 | 7 | |a Performances |2 fast | |
| 655 | 4 | |a Online media. | |
| 655 | 7 | |a interviews. |2 aat | |
| 655 | 7 | |a Nonfiction films |2 fast | |
| 655 | 7 | |a Interviews |2 fast | |
| 655 | 7 | |a Interviews. |2 lcgft | |
| 700 | 1 | |a Hearn, George. |4 ive | |
| 700 | 1 | |a Heller, Richard. |4 pro | |
| 700 | 1 | |a Lansbury, Angela, |d 1925-2022. |4 ive | |
| 700 | 1 | |a Lu, Joanna. |4 drt | |
| 700 | 1 | |a Norton, Elliot, |d 1903- |4 ivr | |
| 758 | |i has work: |a Sweeney Todd (MovingImage) |1 https://id.oclc.org/worldcat/entity/E39PCFKv6cG8hYT7XxY4kBC98P |4 https://id.oclc.org/worldcat/ontology/hasWork | ||
| 856 | 4 | 0 | |u http://proxy.library.tamu.edu/login?url=https://www.aspresolver.com/aspresolver.asp?ATIV;2249247 |z Connect to this streaming video (Alexander Street Press) |t 0 |
| 856 | 4 | 0 | |u http://proxy.library.tamu.edu/login?url=https://www.aspresolver.com/aspresolver.asp?AVN2;2249247 |z Connect to this streaming video (Alexander Street Press) |t 0 |
| 955 | |a Alexander Street Press perpetual streaming video | ||
| 994 | |a 92 |b TXA | ||
| 999 | f | f | |s 8b270b85-99f5-4a3b-9d3e-9006780cfeef |i a5928396-dc8b-4b05-9c41-6b31eef4b572 |t 0 |
| 952 | f | f | |a Texas A&M University |b College Station |c Electronic Resources |d Available Online |t 0 |e PN1655 .S94 1981ev |h Library of Congress classification |
| 998 | f | f | |a PN1655 .S94 1981ev |t 0 |l Available Online |